000 006190000a22001930004500
003 LK-CoMWRAF
005 20231206131744.0
008 230817t1986 ||||| |||| 00| 0 eng d
040 _aLK-CoMWRAF
_dLK-CoMWRAF
_eLK-CoMWRAF
041 _aeng
082 _a954.93
_bETH
245 _aAn Ethnological Survey of The Muslims of Sri Lanka:
_bFrom earliest times to Independence
260 _aColombo:
_bSir Razik Fareed Foundation,
_c1986
300 _axxxi, 262 p. : maps ; 23 cm.
_bBibliography included
650 _aMUSLIMS-Sri Lanka-History
650 _aHistory-Sri Lanka
700 _a Mahroof, M. M. M.
942 _cBK
999 _c196
_d196